Porovnanie spolupráce Českej republiky a Slovenkej republiky s Medzinárodným trestným súdom

Komparatívna analýza spolupráce Českej republiky a Slovenskej republiky s Medzinárodným trestným súdom.

Salvato in:
Dettagli Bibliografici
Autore principale: Bednár, Daniel
Natura: Capitolo di libro
Lingua:slovacco
Soggetti:
Tags: Aggiungi Tag
Nessun Tag, puoi essere il primo ad aggiungerne!!

MARC

LEADER 00000naa a2200000 4500
001 0234067
005 20220719123659.0
041 0 |a slo 
044 |a SK 
245 1 0 |a Porovnanie spolupráce Českej republiky a Slovenkej republiky s Medzinárodným trestným súdom  |c Daniel Bednár 
520 |a Komparatívna analýza spolupráce Českej republiky a Slovenskej republiky s Medzinárodným trestným súdom. 
610 2 0 |a analýza komparatívna 
610 2 0 |a Slovensko 
610 2 0 |a Česko 
610 2 0 |a súdy 
610 2 0 |a právo trestné medzinárodné 
100 1 |a Bednár, Daniel